000 00878nam a2200253Ia 4500
003 OSt
005 20220923210950.0
006 a|||||r|||| 00| 0
007 ta
008 Pun
020 _a8126019840
_c85
024 _a290,238
037 _b1031, 18/03/2016, H.K. Prakashan
_cTextual
040 _aARTS
_cARTS
_bPun
041 _2Pun
_aPun
082 _aO153:g, P5
100 _aਕਾਂਗ, ਜਸਪਾਲ ਕੌਰ, ਥਦ.
_9156644
245 0 _aਬਸਤੀਵਾਦ, ਉਤੱਰ - ਬਸਤੀਵਾਦ ਅਤੇ ਪੰਜਾਬੀ ਸਾਹਿਤ
260 _aਦਿੱਲੀ
_b ਸਾਹਿਤ ਅਕਾਦਮੀ
_c2005
300 _a162ਪੰ
_ccm.
650 _aਪੰਜਾਬੀ ਸਾਹਿਤ
942 _hO153:g, P5
_cTEXL
_2CC
999 _c293269
_d293269